(Two thousand twelve) 2012 end or beginning (Record no. 40214)

MARC details
000 -LEADER
fixed length control field 00605nam a22001817a 4500
005 - DATE AND TIME OF LATEST TRANSACTION
control field 2010080908118.0
010 ## - LCCN (DPL NO)
LC control number ENG-99020
020 ## - INTERNATIONAL STANDARD BOOK NUMBER
International Standard Book Number 9788188161652
Terms of availability 120.00
035 ## - SYSTEM CONTROL NUMBER
System control number EN-82552
037 ## - SOURCE OF ACQUISITION
Source of stock number/acquisition DBAD/PUB
082 ## - DEWEY DECIMAL CLASSIFICATION NUMBER
Classification number 550
245 ## - TITLE STATEMENT
Title (Two thousand twelve) 2012 end or beginning
260 ## - PUBLICATION, DISTRIBUTION, ETC. (IMPRINT)
Place of publication, distribution, etc Bangalore
Name of publisher, distributor, etc Manasa Foundation
Date of publication, distribution, etc 2009
270 ## - ADDRESS
Address Taponagara, Chikkagubbi
City Bangalore
Postal code 562149
300 ## - PHYSICAL DESCRIPTION
Extent xvi,54p.
Dimensions 20cm (pbk)
942 ## - ADDED ENTRY ELEMENTS (KOHA)
Source of classification or shelving scheme Dewey Decimal Classification
Item type English Books
Classification part 550
Call number suffix TWO
Holdings
Withdrawn status Lost status Not for loan Collection code Home library Current library Date acquired Source of acquisition Cost, normal purchase price Full call number Barcode Copy number Cost, replacement price Koha item type
    Not For Loan Non-fiction D.B.Act.Division D.B.Act.Division 09/08/2010 DBAD/PUB 120.00 550 TWO EN-82552 1 120.00 English Books

© Delhi Public Library
Hit Counter
free hit counter